000 00441nam a2200193Ia 4500
003 0100
008 130303s9999 xx 000 0 und d
040 _cARRUPELIB
050 _aBD21.O4 1967
100 _aOlson, Robert G
245 2 _aA short introduction to philosophy
260 _aNY
260 _bHarcourt, Brace World, Inc.
260 _C1967
300 _a152p.
300 _b 21cm
650 _aPHILOSOPHY
942 0 0 _01
999 _c37636
_d37636